000 00552nam a2200193Ia 4500
003 PILC
005 20160129103639.0
008 140321s9999 xx 000 0 und d
020 _a9789715849258
050 _aBC 71
_b.P134 2010
100 _aPalmiano, Daniel A.
245 _aLogic makes sense /
_cDaniel A. Palmiano.
260 _aQuezon City :
_bC & E Pub.,
_c2010.
300 _a234 pages :
_c25 cm.
_billustrations ;
500 _aIncludes bibliographical references and index.
650 _aLogic.
942 _kLOC
_cBK
_2lcc
999 _c48307
_d48307